[Event "ch-NED Junior 2017"]
[Site "Assen NED"]
[Date "2017.04.29"]
[Round "9.11"]
[White "De Boer,Sipke"]
[Black "Hofstra,Tijmen"]
[Result "0-1"]
[WhiteElo "1363"]
[BlackElo "1558"]

1.g3 e5 2.Bg2 d5 3.d3 Nf6 4.Nf3 Nc6 5.O-O g6 6.Nbd2 Bg7 7.c4 d4 8.b3 O-O 9.Bb2
Nd7 10.a3 a5 11.Qb1 Qe7 12.Ne1 Ra6 13.Nc2 f5 14.e3 Nc5 15.Ne1 Bh6 16.exd4 Nxd4
17.Bxd4 exd4 18.Ndf3 Ne6 19.Nc2 c5 20.Re1 Bg7 21.Ng5 Qxg5 22.Bd5 Kh8 23.Bg2
Rd6 24.Re2 f4 25.Re4 fxg3 26.fxg3 Qd2 27.Qd1 Qf2+ 28.Kh1 Ng5 29.Qe2 Nxe4 {#R}
0-1

[Event "ch-NED Junior TB 2017"]
[Site "Assen NED"]
[Date "2017.04.29"]
[Round "1"]
[White "Kevlishvili,Robby"]
[Black "Van Foreest,Lucas"]
[Result "1-0"]
[WhiteElo "2414"]
[BlackElo "2477"]

1.e4 e5 2.Nf3 Nc6 3.Bb5 Nf6 4.d3 d6 5.c3 g6 6.Bg5 Bg7 7.Nbd2 h6 8.Bh4 O-O
9.Nf1 d5 10.Qc2 Qd6 11.Ne3 dxe4 12.dxe4 Qc5 13.Be2 Ng4 14.Nd5 g5 15.Bg3 f5
16.h3 f4 17.hxg4 fxg3 18.fxg3 Bxg4 19.b4 Qd6 20.Rd1 Rad8 21.Ne3 Qe6 22.Bc4
{#r} 1-0

[Event "ch-NED Junior TB 2017"]
[Site "Assen NED"]
[Date "2017.04.29"]
[Round "2"]
[White "Van Foreest,Lucas"]
[Black "Kevlishvili,Robby"]
[Result "0-1"]
[WhiteElo "2477"]
[BlackElo "2414"]

1.e4 c5 2.c3 d5 3.exd5 Qxd5 4.d4 g6 5.dxc5 Qxc5 6.Be3 Qc7 7.Na3 a6 8.Nf3 Bg7
9.Qa4+ Nd7 10.Bc4 Nh6 11.O-O O-O 12.Rad1 Nf5 13.Qc2 Nxe3 14.fxe3 e6 15.Qe4 Ne5
16.Nxe5 Bxe5 17.h3 Rb8 18.Bb3 b5 19.Nc2 Bb7 20.Qg4 Bg7 21.Nd4 Qe5 22.Rde1 h5
23.Qh4 Bd5 24.Bxd5 Qxd5 25.a3 a5 26.Nf3 b4 27.axb4 axb4 28.c4 Qc5 29.b3 Rbd8
30.Kh1 Rd3 31.Ng5 Rxe3 32.Rd1 Rxb3 33.Rd7 Bf6 34.Rxf6 Rb1+ 35.Kh2 Qg1+ 36.Kg3
Rb3+ 37.Kf4 Qe3# 0-1

[Event "ch-SRB Junior 2017"]
[Site "Belgrade SRB"]
[Date "2017.04.29"]
[Round "2.1"]
[White "Radovanovic,Mihajlo"]
[Black "Sevkusic,Uros"]
[Result "1-0"]
[WhiteElo "2347"]
[BlackElo "1906"]

1.d4 d5 2.c4 e6 3.Nc3 Nf6 4.cxd5 exd5 5.Bg5 Be7 6.e3 c6 7.Bd3 Ne4 8.Bf4 Nxc3
9.bxc3 Be6 10.Ne2 Nd7 11.O-O b5 12.f3 a5 13.Qc2 Nf6 14.e4 h5 15.e5 Ng8 16.a4
Qb6 17.axb5 cxb5 18.Rfb1 b4 19.cxb4 Bxb4 20.Rxb4 axb4 21.Rxa8+ Ke7 22.Qa4 {#r}
1-0

[Event "ch-SRB Junior 2017"]
[Site "Belgrade SRB"]
[Date "2017.04.29"]
[Round "2.4"]
[White "Rajkovic,Mladen"]
[Black "Zegarac,Vuk"]
[Result "1-0"]
[WhiteElo "2328"]
[BlackElo "2304"]

1.e4 c5 2.Nf3 e6 3.d4 cxd4 4.Nxd4 Nf6 5.Nc3 Nc6 6.Nxc6 bxc6 7.e5 Nd5 8.Ne4 Qc7
9.f4 Qb6 10.c4 Ne3 11.Qd3 Nxf1 12.Rxf1 Be7 13.b3 c5 14.Rf2 Bb7 15.Re2 Rd8
16.Bb2 O-O 17.Nf6+ Bxf6 18.exf6 g6 19.Qh3 h5 20.Qe3 Kh7 21.f5 Rh8 22.fxg6+
fxg6 23.f7 Rhf8 24.Rf2 Qc6 25.Kf1 Qe4 26.Qg5 d5 27.Bc1 Qd3+ 28.Kg1 Qd1+ 29.Rf1
Qd4+ 30.Be3 Qg7 31.Bxc5 Rh8 32.Rad1 {#r} 1-0

[Event "ch-SRB Junior 2017"]
[Site "Belgrade SRB"]
[Date "2017.04.29"]
[Round "2.5"]
[White "Savic,Mihai"]
[Black "Besedes,Danilo"]
[Result "0-1"]
[WhiteElo "2206"]
[BlackElo "2303"]

1.e4 e6 2.d4 d5 3.Nc3 Nc6 4.e5 f6 5.exf6 Nxf6 6.Nf3 Bd6 7.Bg5 O-O 8.Bd3 Nb4
9.Ne2 c5 10.c3 Nxd3+ 11.Qxd3 Qb6 12.Bxf6 Rxf6 13.Qd2 Bd7 14.O-O Raf8 15.Ne5
Bb5 16.Rae1 cxd4 17.Nxd4 Bxf1 18.Nd7 Qa6 19.Nxf6+ Rxf6 20.Rxf1 Bxh2+ 21.Kxh2
Qxf1 22.Nf3 Rh6+ 23.Kg3 Rg6+ 24.Kf4 Qxg2 {#R} 0-1

[Event "ch-SRB Junior 2017"]
[Site "Belgrade SRB"]
[Date "2017.04.29"]
[Round "3.1"]
[White "Besedes,Danilo"]
[Black "Radovanovic,Mihajlo"]
[Result "0-1"]
[WhiteElo "2303"]
[BlackElo "2347"]

1.d4 Nf6 2.Nc3 d5 3.Bg5 Nbd7 4.Qd3 h6 5.Bh4 c6 6.f3 e5 7.e4 exd4 8.Qxd4 Bc5
9.Bxf6 Qb6 10.Qd2 Be3 11.Qd3 Nxf6 12.Na4 Qa5+ 13.Qc3 Qxa4 14.Qxe3 dxe4 15.Qc3
O-O 16.Bc4 exf3 17.Nxf3 Re8+ {#R} 0-1

[Event "ch-SRB Junior 2017"]
[Site "Belgrade SRB"]
[Date "2017.04.29"]
[Round "3.2"]
[White "Zegarac,Vuk"]
[Black "Savic,Mihai"]
[Result "0-1"]
[WhiteElo "2304"]
[BlackElo "2206"]

1.d4 Nf6 2.Nc3 e6 3.Bg5 d5 4.e3 Be7 5.f4 h6 6.Bxf6 Bxf6 7.Nf3 c5 8.Qd2 Nc6
9.O-O-O c4 10.e4 Rb8 11.exd5 exd5 12.Re1+ Ne7 13.Ne5 O-O 14.g4 b5 15.g5 hxg5
16.fxg5 Bxe5 17.Rxe5 Be6 18.Bg2 b4 19.Na4 Ng6 20.Ree1 Qa5 21.b3 Bd7 22.Qf2
Bxa4 23.bxa4 b3 24.axb3 cxb3 25.c3 Qxc3+ 26.Kb1 Qd3+ 27.Kb2 Rfc8 {#R} 0-1

[Event "ch-SRB Junior 2017"]
[Site "Belgrade SRB"]
[Date "2017.04.29"]
[Round "3.4"]
[White "Dimic,P"]
[Black "Stojiljkovic,Stefan"]
[Result "1-0"]
[WhiteElo "2297"]
[BlackElo "2158"]

1.d4 d5 2.c4 c6 3.Nc3 Nf6 4.e3 e6 5.Nf3 Nbd7 6.Qc2 Bd6 7.b3 O-O 8.Be2 Qe7
9.O-O e5 10.dxe5 Nxe5 11.cxd5 cxd5 12.Nb5 Nxf3+ 13.Bxf3 Bg4 14.Nxd6 Bxf3
15.Ba3 Be4 16.Nxe4 Qxa3 17.Nxf6+ gxf6 18.Rad1 Rad8 19.Rd4 Qe7 20.Rfd1 Qe6
21.Qd3 Kh8 22.Rh4 f5 23.Rf4 Rg8 24.Rxf5 Rg4 25.Rxd5 Rxd5 26.Qxd5 Qxd5 27.Rxd5
Rb4 28.Kf1 b6 29.Rf5 {#r} 1-0

[Event "ch-SRB Junior 2017"]
[Site "Belgrade SRB"]
[Date "2017.04.29"]
[Round "3.5"]
[White "Sevkusic,Uros"]
[Black "Djordjevic,Vu"]
[Result "0-1"]
[WhiteElo "1906"]
[BlackElo "2412"]

1.e4 e6 2.c4 c5 3.Nc3 Nc6 4.Nf3 a6 5.a3 g6 6.d4 cxd4 7.Nxd4 Bg7 8.Be3 Nge7
9.Qd2 Qc7 10.Be2 Na5 11.b4 Nac6 12.Rc1 O-O 13.h4 f5 14.Nxc6 dxc6 15.Bh6 f4
16.Bxg7 Kxg7 17.Rd1 c5 18.Qb2 Kg8 19.h5 cxb4 20.axb4 Qe5 21.hxg6 Nxg6 22.Rh5
Qf6 23.e5 Nxe5 24.Qc2 Qg7 25.Ne4 h6 26.Qc3 Ng6 27.Qh3 f3 28.Bxf3 Nf4 29.Qh2
Nxh5 30.Qxh5 Bd7 31.Qg4 Bc6 32.Qxe6+ Kh7 33.Rd5 Rae8 34.Qd6 Bxd5 35.cxd5 Qe5
36.Qxe5 Rxe5 37.Kf1 Rxd5 38.Nf6+ Rxf6 39.Bxd5 Rb6 {#R} 0-1

[Event "Zonal 2.4 2017"]
[Site "Florianopolis BRA"]
[Date "2017.04.29"]
[Round "5.4"]
[White "Cori,J"]
[Black "Umetsubo,C"]
[Result "1-0"]
[WhiteElo "2611"]
[BlackElo "2392"]

1.d4 Nf6 2.c4 e6 3.Nf3 d5 4.Nc3 Be7 5.Bg5 O-O 6.e3 h6 7.Bh4 Ne4 8.Bxe7 Qxe7
9.Rc1 c6 10.Bd3 Nxc3 11.Rxc3 dxc4 12.Bxc4 Nd7 13.O-O b6 14.Bd3 c5 15.Bb5 Rd8
16.Bc6 Rb8 17.Qc2 Ba6 18.Rc1 Rbc8 19.Bxd7 Qxd7 20.dxc5 Rxc5 21.Rxc5 bxc5 22.h3
Qd5 23.b3 Bb7 24.Qxc5 Rc8 25.Qa3 Rd8 26.Qe7 Rd7 27.Qc5 Qe4 28.Qxa7 Rd2 29.Rc7
Qb1+ 30.Kh2 Bxf3 31.Rxf7 {#r} 1-0

[Event "Zonal 2.4 2017"]
[Site "Florianopolis BRA"]
[Date "2017.04.29"]
[Round "5.5"]
[White "Pereira,Si"]
[Black "Mekhitarian,K"]
[Result "0-1"]
[WhiteElo "2269"]
[BlackElo "2544"]

1.e4 e5 2.Nf3 Nc6 3.Bb5 a6 4.Bxc6 dxc6 5.d3 Bd6 6.O-O Ne7 7.Nbd2 c5 8.Nc4 Nc6
9.Ne1 O-O 10.f4 f5 11.Nf3 exf4 12.e5 Be7 13.Bxf4 b5 14.Ncd2 g5 15.Bg3 f4
16.Bf2 g4 17.Ne1 Nxe5 18.a4 b4 19.Qe2 Qd5 20.c4 bxc3 21.bxc3 Bf5 22.d4 cxd4
23.cxd4 Ng6 24.Rc1 Bd6 25.Qc4 Be6 26.Qxd5 Bxd5 27.Nd3 Rae8 28.Ne5 Nxe5 29.dxe5
Bxe5 30.Nc4 Bg7 31.Rfd1 Rd8 32.Bh4 Rd7 33.Na5 c6 34.Nb3 Rb7 35.Nd2 Rb2 36.Bf2
Re8 37.Kf1 Ra2 38.a5 Rxa5 39.Rc2 Ra2 40.Rxa2 Bxa2 41.Rc1 Bd5 {#R} 0-1

[Event "Zonal 2.4 2017"]
[Site "Florianopolis BRA"]
[Date "2017.04.29"]
[Round "5.6"]
[White "Vera Siguenas,D"]
[Black "Goncalves,Davi Sulzbacher"]
[Result "1-0"]
[WhiteElo "2535"]
[BlackElo "2229"]

1.e4 c5 2.Nf3 Nc6 3.d4 cxd4 4.Nxd4 Nf6 5.Nc3 e5 6.Ndb5 d6 7.Bg5 a6 8.Na3 b5
9.Nd5 Be7 10.Bxf6 Bxf6 11.c3 Bg5 12.Nc2 O-O 13.a4 bxa4 14.Rxa4 a5 15.Bc4 Rb8
16.b3 Kh8 17.Nce3 g6 18.O-O f5 19.Qd3 Bd7 20.Ra2 Bh6 21.exf5 gxf5 22.f4 Qc8
23.Raf2 Bg7 24.Qd1 Qe8 25.Nc7 Qg6 26.Ned5 Rb7 27.Rf3 Rxc7 28.Nxc7 exf4 29.Nd5
Ne5 30.Nxf4 Nxf3+ 31.Qxf3 Qh6 32.Qb7 Bc8 33.Qe7 Bxc3 34.Rf3 Bd4+ 35.Kh1 Bf6
36.Qxd6 Rd8 37.Rg3 Re8 38.Qd2 Bg7 39.Re3 Rxe3 40.Qxe3 Qc6 41.Qd3 Qf6 42.Ng6+
{#r} 1-0

[Event "Zonal 2.4 2017"]
[Site "Florianopolis BRA"]
[Date "2017.04.29"]
[Round "5.9"]
[White "Bassani,Jaison Jose"]
[Black "Coelho,L"]
[Result "0-1"]
[WhiteElo "1969"]
[BlackElo "2406"]

1.e4 e6 2.d4 d5 3.exd5 exd5 4.c4 Bb4+ 5.Nc3 Nf6 6.Bd3 O-O 7.Nf3 dxc4 8.Bxc4
Bg4 9.Be3 Nc6 10.O-O Qd6 11.Be2 Rad8 12.a3 Ba5 13.Na4 Bb6 14.Nxb6 axb6 15.Rc1
Rfe8 16.b4 Nd5 17.b5 Nce7 18.Qd3 Nf5 19.Bg5 Qg6 20.Bxd8 Nf4 21.Ne5 Rxe5
22.Bxg4 Nxd3 23.dxe5 Nxc1 24.Bf3 Nd4 25.Bxb7 Qd3 26.Bxc7 Nde2+ 27.Kh1 Ng3+
28.hxg3 Qxf1+ 29.Kh2 Qxf2 30.Bd5 Qc5 31.Bc6 Ne2 32.a4 Qe3 {#R} 0-1

[Event "Zonal 2.4 2017"]
[Site "Florianopolis BRA"]
[Date "2017.04.29"]
[Round "5.11"]
[White "Viana,D"]
[Black "Ueti,S"]
[Result "1-0"]
[WhiteElo "2254"]
[BlackElo "2098"]

1.d4 Nf6 2.Nf3 e6 3.e3 b6 4.Bd3 Bb7 5.O-O Be7 6.c4 O-O 7.b3 c5 8.Bb2 cxd4
9.exd4 d5 10.Qe2 Nbd7 11.Nc3 Rc8 12.Rac1 Re8 13.Rfd1 Bf8 14.Ne5 dxc4 15.bxc4
Qc7 16.f4 g6 17.Bc2 a6 18.Ba4 Red8 19.Bb3 Nh5 20.g3 Ndf6 21.d5 Bc5+ 22.Kf1
exd5 23.cxd5 Qd6 24.Qf3 Ba3 25.Bxa3 Qxa3 26.Nxf7 Re8 27.Ne5 Kh8 28.Qe3 Qd6
{#r} 1-0

[Event "Zonal 2.4 2017"]
[Site "Florianopolis BRA"]
[Date "2017.04.29"]
[Round "5.12"]
[White "Miguel,G"]
[Black "Souza,R"]
[Result "1-0"]
[WhiteElo "2216"]
[BlackElo "2154"]

1.e4 g6 2.d4 Bg7 3.Nc3 d6 4.Be3 c6 5.a4 a5 6.Qd2 Na6 7.Nf3 Nb4 8.h3 f5 9.e5
Nh6 10.exd6 exd6 11.Bg5 Qd7 12.O-O-O Ng8 13.Re1+ Kf8 14.Bc4 d5 15.Bd3 h6
16.Bf4 Bf6 17.g4 Nxd3+ 18.Qxd3 Ne7 19.g5 hxg5 20.Nxg5 Qd8 21.h4 b6 22.Be5
Bxg5+ 23.hxg5 Rxh1 24.Rxh1 Ng8 25.Qg3 Be6 26.Bd6+ Ke8 27.Rh7 Rc8 28.Kb1 {#r}
1-0

[Event "Zonal 2.4 2017"]
[Site "Florianopolis BRA"]
[Date "2017.04.29"]
[Round "5.16"]
[White "Borges,Gu"]
[Black "Freitas,Remulo Aguiar"]
[Result "1-0"]
[WhiteElo "2131"]
[BlackElo "2174"]

1.d4 Nf6 2.c4 e6 3.Nc3 Bb4 4.e3 b6 5.Ne2 Bb7 6.a3 Bxc3+ 7.Nxc3 O-O 8.Bd3 d5
9.cxd5 exd5 10.b4 Nbd7 11.Rb1 Ne4 12.Qc2 Nxc3 13.Qxc3 Nf6 14.O-O Ne4 15.Qc2 f5
16.a4 Rc8 17.a5 Rf7 18.a6 Ba8 19.Ba3 g6 20.Rbc1 c6 21.Qe2 Rfc7 22.Rfd1 Nd6
23.Qf3 Nb5 24.Bb2 Qd6 25.Qg3 Qxb4 26.Rc2 Rf7 27.h4 Re8 28.h5 Kg7 29.Rdc1 Na3
30.Bc3 Qe7 31.Rb2 Nb5 32.Bxb5 cxb5 33.Bb4 Qe6 34.Bd6 Rc8 35.Qe5+ Rf6 36.Rxc8
Qxc8 37.h6+ {#r} 1-0

[Event "Zonal 2.4 2017"]
[Site "Florianopolis BRA"]
[Date "2017.04.29"]
[Round "5.18"]
[White "Okamura,M"]
[Black "Trois,F"]
[Result "0-1"]
[WhiteElo "2072"]
[BlackElo "2205"]

1.d4 Nf6 2.c4 c5 3.d5 g6 4.Nc3 d6 5.e4 Bg7 6.Nf3 O-O 7.Be2 e6 8.O-O exd5
9.cxd5 Re8 10.Qc2 Na6 11.h3 Nb4 12.Qb1 Bd7 13.Bf4 Qe7 14.Re1 Nxe4 15.Bc4 f5
16.Ng5 Qf6 17.Ngxe4 fxe4 18.Bg3 Bf5 19.Qd1 a6 20.Bh2 h5 21.Qd2 Qd4 22.Qc2 b5
23.Bb3 c4 {#R} 0-1

[Event "Zonal 2.4 2017"]
[Site "Florianopolis BRA"]
[Date "2017.04.29"]
[Round "5.19"]
[White "Teixeira,Ri"]
[Black "Hiramine,Rodrigo Yoshio Ferreir"]
[Result "1-0"]
[WhiteElo "2205"]
[BlackElo "2045"]

1.e4 c5 2.c3 e5 3.Nf3 Nc6 4.d4 cxd4 5.cxd4 exd4 6.Nxd4 Qb6 7.Nb3 Nf6 8.Nc3 Bb4
9.Bd3 Ne5 10.O-O O-O 11.Be3 Qc7 12.Bd4 d6 13.f4 Nxd3 14.Qxd3 Bxc3 15.Bxc3 Qe7
16.Rfe1 Re8 17.Nd2 Be6 18.Qd4 Qc7 19.Qd3 Nh5 20.Qf3 g6 21.f5 Bd7 22.g4 Ng7
23.Qf4 Rac8 24.Nf3 f6 25.Bxf6 Bc6 26.Rad1 Rf8 27.Bc3 gxf5 28.gxf5 d5 29.Qh6
dxe4 30.Ng5 Nxf5 31.Qe6+ Rf7 32.Nxf7 Qxf7 33.Qxc8+ {#r} 1-0

[Event "Zonal 2.4 2017"]
[Site "Florianopolis BRA"]
[Date "2017.04.29"]
[Round "5.29"]
[White "Campelo,L"]
[Black "Correa,Jose Augusto"]
[Result "1-0"]
[WhiteElo "2207"]
[BlackElo "1966"]

1.e4 c5 2.Nf3 g6 3.d4 cxd4 4.Nxd4 Bg7 5.Nc3 Nc6 6.Be3 Nf6 7.Bc4 O-O 8.Bb3 Qa5
9.O-O d6 10.h3 Bd7 11.Re1 Nxd4 12.Bxd4 Bc6 13.Nd5 Bxd5 14.exd5 Rfe8 15.Bc3 Qc5
16.Bd4 Qa5 17.c3 Nd7 18.Bxg7 Kxg7 19.Qd4+ Kg8 20.Re3 Qc5 21.Qh4 Nf6 22.Rd1 Kg7
23.Rd4 b5 24.Kh2 a5 25.a4 b4 26.cxb4 axb4 27.Rxb4 Nxd5 28.Rb5 Nxe3 29.Rxc5 Nf5
30.Rxf5 gxf5 31.Qg5+ Kh8 32.Bxf7 Rf8 33.Qxe7 {#r} 1-0

[Event "Zonal 2.4 2017"]
[Site "Florianopolis BRA"]
[Date "2017.04.29"]
[Round "5.30"]
[White "Boabaid,Jorge Alberto Duardes"]
[Black "Condori,E"]
[Result "0-1"]
[WhiteElo "1852"]
[BlackElo "2138"]

1.Nf3 c5 2.g3 Nc6 3.Bg2 g6 4.c4 Bg7 5.Nc3 Nh6 6.O-O Nf5 7.d3 O-O 8.Rb1 Rb8
9.Bd2 b6 10.e3 Bb7 11.Ne4 d5 12.cxd5 Qxd5 13.Bc3 Qd7 14.Qa4 Rfd8 15.Bxg7 Kxg7
16.Rfd1 e5 17.Qc4 f6 18.a3 Rbc8 19.Bh3 Nce7 20.Qc2 Qd5 21.b3 Ba6 22.Bf1 Nd6
23.Ne1 Qe6 24.Nc3 Nb5 25.Ra1 h5 26.Ng2 Nd4 27.Qa2 Nf3+ {#R} 0-1

[Event "Zonal 2.4 2017"]
[Site "Florianopolis BRA"]
[Date "2017.04.29"]
[Round "5.33"]
[White "Predebon,Eduardo"]
[Black "Baeta,M"]
[Result "1-0"]
[WhiteElo "1829"]
[BlackElo "1968"]

1.e4 Nf6 2.e5 Nd5 3.d4 Nb6 4.c4 d6 5.exd6 cxd6 6.Nc3 g6 7.Bd3 Bg7 8.Be3 Nc6
9.Nge2 O-O 10.b3 e5 11.d5 Nd4 12.Rc1 f5 13.f4 Qh4+ 14.Bf2 Qe7 15.O-O Nxe2+
16.Bxe2 exf4 17.Re1 Nd7 18.b4 a5 19.a3 axb4 20.axb4 Ne5 21.c5 Nf7 22.cxd6 Nxd6
23.Nb5 Nxb5 24.Bxb5 Qxb4 25.Bc4 Bc3 26.Qd3 Bxe1 27.d6+ Kg7 28.Rxe1 g5 29.d7
{#r} 1-0

[Event "Zonal 2.4 2017"]
[Site "Florianopolis BRA"]
[Date "2017.04.29"]
[Round "5.34"]
[White "Lahoz,Cassiano"]
[Black "Dos Santos,H"]
[Result "0-1"]
[WhiteElo "1780"]
[BlackElo "2209"]

1.Nf3 d5 2.g3 c5 3.Bg2 Nc6 4.O-O e5 5.d3 Nf6 6.Nbd2 h6 7.h3 Be6 8.e4 Bd6
9.exd5 Bxd5 10.Re1 O-O 11.Ne4 Re8 12.Nh4 Nxe4 13.dxe4 Be6 14.Be3 Bf8 15.Qe2
Nd4 16.Bxd4 cxd4 17.Nf3 Qc7 18.Rec1 Bc4 19.Qd1 Qb6 20.Ne1 Qxb2 21.Rcb1 Qa3
22.Rxb7 Reb8 23.Rab1 Rxb7 24.Rxb7 Qa6 25.Rb1 Bxa2 26.Ra1 Qe6 27.Nd3 Bc4 28.f4
f6 29.f5 Qb6 30.Rb1 Qc7 31.Ne1 a5 32.g4 a4 33.Nf3 a3 34.h4 a2 35.Ra1 Ba3 36.g5
Bb2 37.gxh6 Bxa1 38.Qxa1 Rb8 39.Nd2 Qb7 {#R} 0-1

[Event "Zonal 2.4 2017"]
[Site "Florianopolis BRA"]
[Date "2017.04.29"]
[Round "5.35"]
[White "Pereira,Armando Scharlau"]
[Black "Sekula,Markley Ribas"]
[Result "0-1"]
[WhiteElo "1725"]
[BlackElo "2065"]

1.d4 d6 2.Bf4 g6 3.Nf3 Bg7 4.e3 Nd7 5.Nbd2 e5 6.dxe5 Nxe5 7.Bg5 Ne7 8.c3 O-O
9.Nxe5 Bxe5 10.Bc4 c6 11.Nf3 Bg7 12.Qb3 d5 13.Be2 h6 14.Bf4 Nf5 15.h3 Qe7
16.O-O Re8 17.Rfe1 Nd6 18.Bxd6 Qxd6 19.Rad1 Qf6 20.Nh2 h5 21.Bd3 Re7 22.Qc2
Be6 23.a4 Rae8 24.Re2 c5 25.c4 d4 26.e4 Qe5 27.Qd2 Bd7 28.b3 Qc7 29.Rde1 Be5
30.Nf1 Bf4 31.Qd1 Bh6 32.Nh2 Kh8 33.Kh1 Qf4 34.g3 Qf6 35.f4 Bxh3 36.e5 Qg7
37.Rf2 f6 38.g4 fxe5 39.g5 e4 40.gxh6 Qf6 41.Qxh5 {#R} 0-1

[Event "Zonal 2.4 2017"]
[Site "Florianopolis BRA"]
[Date "2017.04.29"]
[Round "5.36"]
[White "Cezar,Ricardo De Almeida"]
[Black "Alboredo,Julia"]
[Result "0-1"]
[WhiteElo "1497"]
[BlackElo "2049"]

1.d4 d5 2.c4 e6 3.Nc3 c6 4.Nf3 dxc4 5.a4 Bb4 6.e3 b5 7.Ne5 Nf6 8.g3 Bb7 9.Bg2
Qc7 10.Qf3 a6 11.axb5 axb5 12.Rxa8 Bxa8 13.O-O Bxc3 14.bxc3 O-O 15.Ba3 Rc8
16.Ra1 Nbd7 17.Qf4 Nb6 18.e4 Bb7 19.Qe3 Ra8 20.f4 Ra4 21.Bf3 Qd8 22.Bb2 Rxa1+
23.Bxa1 Qa8 24.Bb2 Qa5 25.Ng4 Nxg4 26.Bxg4 Na4 27.Qd2 h6 28.Bf3 Nb6 29.Kf2 Qa2
30.Bc1 Qa1 31.Bd1 Na4 32.Bxa4 Qxa4 33.Ke3 Qa7 34.Kf3 f5 35.exf5 exf5 36.Qe3
c5+ 37.Kf2 cxd4 38.Qxd4 Qxd4+ 39.cxd4 b4 40.Ke2 Kf7 41.Kd2 Be4 42.d5 c3+ {#R}
0-1

[Event "Zonal 2.4 2017"]
[Site "Florianopolis BRA"]
[Date "2017.04.29"]
[Round "5.37"]
[White "Nascimento,Pedro Henrique Alves"]
[Black "Almeida,Heidy Jose Moreira De"]
[Result "1-0"]
[WhiteElo "1967"]
[BlackElo "1892"]

1.d4 Nf6 2.c4 g6 3.Nc3 d5 4.Bf4 Bg7 5.Nf3 O-O 6.e3 c5 7.dxc5 Qa5 8.Rc1 Rd8
9.Qa4 Qxc5 10.b4 Qc6 11.Qb3 Nh5 12.cxd5 Qe8 13.Bc7 Bf5 14.Bxd8 Qxd8 15.Be2 Nf6
16.O-O Ne4 17.Nxe4 Bxe4 18.Rfd1 Nd7 19.Ng5 Bf5 20.Nf3 Ne5 21.Nxe5 Bxe5 22.Bf3
Qd6 23.g3 h5 24.Bg2 g5 25.f4 gxf4 26.gxf4 Bg7 27.Kh1 Kh8 28.e4 Bg4 29.Rf1 f6
30.Bh3 Be2 31.Rf2 Bb5 32.Qf3 Be8 33.Be6 f5 34.e5 Qxb4 35.Bxf5 Rd8 36.Be6 Bh6
37.Rg1 Qd4 38.Qg2 {#r} 1-0

[Event "Zonal 2.4 2017"]
[Site "Florianopolis BRA"]
[Date "2017.04.29"]
[Round "5.40"]
[White "Cordioli,Jairo Ribeiro"]
[Black "Rodrigues,Natanael Isau"]
[Result "0-1"]
[WhiteElo "1899"]
[BlackElo "1774"]

1.d4 Nf6 2.Nf3 g6 3.c4 c5 4.d5 b5 5.Qc2 d6 6.e4 Bg7 7.cxb5 a6 8.b6 O-O 9.Nc3
Nbd7 10.h3 Nxb6 11.Be2 Ne8 12.O-O Nc7 13.Nd2 e6 14.a4 a5 15.Nc4 Nxc4 16.Bxc4
Qf6 17.Rd1 Rd8 18.Ra3 Rb8 19.Nb5 exd5 20.exd5 Na6 21.Rf3 Bf5 22.Qd2 Nb4 23.b3
Qe7 24.Re1 Qf8 25.g4 Bd7 26.Bb2 Re8 27.Rxe8 Rxe8 28.Bxg7 Kxg7 29.Qc3+ Re5
30.Re3 f6 31.f4 Rxe3 32.Qxe3 Kf7 33.f5 g5 34.Nc7 Qe7 35.Kf2 Qxe3+ 36.Kxe3 Nc2+
37.Kd2 Nd4 38.Na6 Ke7 39.Nb8 Be8 40.Ke3 Kd8 41.Bb5 Nxb5 42.axb5 Bxb5 {#R} 0-1

[Event "Zonal 2.4 2017"]
[Site "Florianopolis BRA"]
[Date "2017.04.29"]
[Round "5.42"]
[White "Masselli,Eduardo"]
[Black "Sopko,Cassio Roberto"]
[Result "0-1"]
[WhiteElo "1665"]
[BlackElo "1943"]

1.e4 e5 2.Nf3 Nf6 3.Nc3 Bb4 4.Bc4 d6 5.h3 c6 6.d3 Qe7 7.O-O a5 8.a3 Bc5 9.Bg5
h6 10.Bh4 g5 11.Bg3 g4 12.hxg4 Bxg4 13.Bh4 Nbd7 14.Na4 Ba7 15.Ba2 b5 16.Nc3
Rg8 17.Nb1 Qf8 18.Nbd2 Qg7 19.c4 Bh3 20.g3 Bxf1 21.Kxf1 Qg4 22.Kg2 Nh5 23.cxb5
Nf4+ 24.Kf1 Qh3+ 25.Ke1 Nxd3+ 26.Ke2 N7c5 27.Nc4 Qg2 28.Nxd6+ Kd7 29.bxc6+
Kxd6 30.g4 Rxg4 {#R} 0-1

[Event "Zonal 2.4 2017"]
[Site "Florianopolis BRA"]
[Date "2017.04.29"]
[Round "5.43"]
[White "Gomes,Marc"]
[Black "Brandt,Ladir Albano Becker"]
[Result "1-0"]
[WhiteElo "1759"]
[BlackElo "1786"]

1.c4 g6 2.Nc3 Bg7 3.g3 Nf6 4.e4 d6 5.Bg2 c5 6.Nge2 Nc6 7.O-O O-O 8.d3 a6 9.a3
Qc7 10.Nd5 Qd8 11.Rb1 e6 12.Ndc3 Nd4 13.b4 Nd7 14.Be3 e5 15.Nd5 Rb8 16.b5 b6
17.Qd2 a5 18.a4 Nxe2+ 19.Qxe2 Bb7 20.Qd2 Bxd5 21.exd5 f5 22.f4 Re8 23.Rbe1 Qc7
24.Re2 exf4 25.gxf4 Nf6 26.h3 Nh5 27.Kh2 Re7 28.Bf3 Nf6 29.Rfe1 Rbe8 30.Bf2
Qd7 31.Bh4 Rxe2+ 32.Rxe2 Rxe2+ 33.Qxe2 Qf7 34.Qe6 Qxe6 35.dxe6 Kf8 36.Kg2 Ke7
37.Bd5 h6 38.Kf3 Ke8 39.Ke3 Nh7 40.Bc6+ {#r} 1-0

[Event "Zonal 2.4 2017"]
[Site "Florianopolis BRA"]
[Date "2017.04.29"]
[Round "5.44"]
[White "Abdalla,Umar Mohammad"]
[Black "De Vilhena,Cleriston Mubarak T."]
[Result "0-1"]
[WhiteElo "1357"]
[BlackElo "1601"]

1.d4 d5 2.c4 Nf6 3.e3 c6 4.Nc3 Bf5 5.Nf3 e6 6.c5 b6 7.b4 a5 8.Ba3 axb4 9.Bxb4
bxc5 10.dxc5 Nbd7 11.Nd4 Qc7 12.Nxf5 exf5 13.Bd3 Bxc5 14.Bxc5 Nxc5 15.Bxf5 Qe5
16.Qc2 Nfe4 17.Bxe4 Nxe4 18.Rc1 Nxc3 19.Qxc3 Qxc3+ 20.Rxc3 Rxa2 21.O-O Kd7
22.Rd1 f5 23.f3 Re8 24.Rdc1 Rc8 25.Rb3 Rc7 26.Rcb1 Kd6 27.Rb7 Re2 28.R7b3 Re7
29.Rb7 R2xe3 30.Rxe7 Rxe7 31.Kf2 d4 32.g4 f4 33.h4 c5 34.Rb6+ Kd5 35.Rb8 d3
36.Rb2 c4 37.Rb8 Kd4 38.Rd8+ Kc3 39.Ra8 d2 40.Ra1 Kb2 {#R} 0-1

[Event "Zonal 2.4 2017"]
[Site "Florianopolis BRA"]
[Date "2017.04.29"]
[Round "6.9"]
[White "Gauche,C"]
[Black "Menegotto,Giovanni Arnaldo Gazzola"]
[Result "1-0"]
[WhiteElo "2197"]
[BlackElo "2085"]

1.Nf3 Nf6 2.d4 g6 3.c4 Bg7 4.g3 d6 5.Bg2 O-O 6.O-O c6 7.Nc3 Nbd7 8.b3 Re8 9.h3
a6 10.e4 e5 11.Be3 b5 12.dxe5 dxe5 13.Qc2 Rb8 14.c5 b4 15.Na4 Bf8 16.Rfd1 a5
17.Bf1 Qc7 18.Bc4 h6 19.Kh2 g5 20.Nd2 Be7 21.Bf1 Nf8 22.Nc4 Be6 23.Nab6 Ng6
24.Nxa5 Kg7 25.Bc4 Bxc4 26.Naxc4 Nf4 27.Nd6 Bxd6 28.cxd6 Qd8 29.gxf4 gxf4
30.Bc5 Ng4+ 31.hxg4 Qh4+ 32.Kg2 Qxg4+ 33.Kf1 Re6 34.Nc4 Rb5 35.f3 Qg3 36.Qf2
Qg5 37.d7 Rb8 {#r} 1-0

[Event "Zonal 2.4 2017"]
[Site "Florianopolis BRA"]
[Date "2017.04.29"]
[Round "6.14"]
[White "Ribeiro,Matheus Cavalcante"]
[Black "Pereira,Si"]
[Result "0-1"]
[WhiteElo "2157"]
[BlackElo "2269"]

1.e4 e5 2.Nf3 Nc6 3.Bc4 Bc5 4.c3 Bb6 5.d4 Qe7 6.Bg5 Nf6 7.d5 Nd8 8.d6 cxd6
9.Na3 a6 10.Nc2 Bxf2+ 11.Ke2 Bc5 12.Nh4 d5 13.Nf5 d6 14.Nxe7 Bg4+ 15.Ke1 Bxd1
16.Bxf6 Bxc2 17.Nxd5 gxf6 18.Nc7+ Kd7 19.Nxa8 Ne6 {#R} 0-1

[Event "Zonal 2.4 2017"]
[Site "Florianopolis BRA"]
[Date "2017.04.29"]
[Round "6.15"]
[White "Goncalves,Davi Sulzbacher"]
[Black "Bassani,Jaison Jose"]
[Result "1-0"]
[WhiteElo "2229"]
[BlackElo "1969"]

1.d4 Nf6 2.c4 e5 3.dxe5 Ng4 4.Bf4 Nc6 5.Nf3 Bb4+ 6.Nbd2 Qe7 7.e3 Ngxe5 8.Nxe5
Nxe5 9.Be2 O-O 10.O-O Bxd2 11.Qxd2 d6 12.Rfd1 Be6 13.c5 Qf6 14.cxd6 cxd6 15.b3
Rac8 16.Qxd6 Ng6 17.Bg3 Rfd8 18.Qa3 Rc2 19.Bf3 Rdd2 20.Qxa7 h5 21.Be4 Rc8
22.Qa5 Rcd8 23.Qxh5 R8d7 24.Rac1 Rxd1+ 25.Rxd1 Qg5 26.Bf3 Rxd1+ 27.Bxd1 Qf6
28.Qe2 Qa1 29.h3 Ne7 30.Kh2 Nd5 31.Qd2 Nf6 32.Bf3 g5 33.Qa5 g4 34.Qg5+ Kf8
35.Be5 Qf1 36.Qxf6 gxf3 37.Qd8# 1-0